[Event "Dortmund"]
[Site "?"]
[Date "1997.??.??"]
[Round "?"]
[White "Kramnik, Vladimir"]
[Black "Topalov, V."]
[Result "1/2-1/2"]
[WhiteElo "2770"]
[BlackElo "2745"]
[PlyCount "71"]
[EventDate "1997.??.??"]
[Source "ChessBase"]
[SourceDate "1997.06.01"]

1. d4 Nf6 2. c4 g6 3. Nc3 Bg7 4. e4 d6 5. Nf3 O-O 6. Be2 e5 7. O-O Nc6 8. d5 Ne7 9. b4 a5 10. Ba3 axb4 11. Bxb4 Nd7 12. a4 Bh6 13. a5 f5 14. Nd2 Kh8 15. Bd3 Rf6 16. Na4 Rf7 17. c5 dxc5 18. Bc3 fxe4 19. Bxe4 Nf5 20. Nc4 Nd6 21. Nxe5 Nxe5 22. Bxe5+ Bg7 23. Bxg7+ Rxg7 24. Nxc5 b6 25. Ne6 Bxe6 26. dxe6 Nxe4 27. axb6 cxb6 28. Re1 Nc3 29. e7 Nxd1 30. exd8=B Rxd8 31. Rexd1 Rxd1+ 32. Rxd1 Rb7 33. Kf1 b5 34. Rb1 Kg7 35. Ke2 Kf6 36. Kd3 1/2-1/2

[Event "GM"]
[Site "Biel SUI"]
[Date "2007.07.31"]
[Round "7"]
[White "Van Wely, L."]
[Black "Radjabov, T."]
[Result "0-1"]
[WhiteElo "2680"]
[BlackElo "2746"]
[PlyCount "72"]
[EventDate "2007.07.23"]
[Source "www.chesslib.no"]
[SourceDate "2004.05.04"]

1. d4 Nf6 2. c4 g6 3. Nc3 Bg7 4. e4 d6 5. Nf3 O-O 6. Be2 e5 7. O-O Nc6 8. d5 Ne7 9. b4 Nh5 10. Re1 f5 11. Ng5 Nf6 12. f3 Kh8 13. Ne6 Bxe6 14. dxe6 Nh5 15. c5 Nf4 16. Bc4 fxe4 17. Rxe4 Nf5 18. g3 Nh3+ 19. Kg2 Ng5 20. Rg4 Nxf3 21. Kxf3 e4+ 22. Nxe4 Bxa1 23. Bg5 Ne7+ 24. Kg2 Be5 25. Rf4 Bxf4 26. gxf4 d5 27. f5 h6 28. Qd4+ Kh7 29. fxg6+ Kxg6 30. Bxe7 Qxe7 31. Qxd5 Rad8 32. Qe5 Rf5 33. Qc3 Qg7 34. Qg3+ Kh7 35. Qxg7+ Kxg7 36. Kg3 Rd4 0-1

[Event "NBC 2000-02"]
[Site "?"]
[Date "2000.01.01"]
[Round "?"]
[White "Oosterom Joop van"]
[Black "Timmerman Gert Jan"]
[Result "1-0"]
[WhiteElo "2684"]
[BlackElo "2738"]
[PlyCount "123"]
[EventDate "2000.??.??"]
[Source "www.chesslib.no"]
[SourceDate "2004.05.04"]

1. d4 Nf6 2. c4 g6 3. Nc3 Bg7 4. e4 d6 5. Nf3 O-O 6. Be2 e5 7. O-O Nc6 8. d5 Ne7 9. b4 a5 10. Ba3 b6 11. bxa5 Nh5 12. Re1 f5 13. Bb4 bxa5 14. Ba3 Nf4 15. Bf1 fxe4 16. Nd2 Nf5 17. Ndxe4 Nd4 18. Nb5 Qh4 19. f3 Nh3+ 20. Kh1 Qxe4 21. Rxe4 Nf2+ 22. Kg1 Nxd1 23. Rxd1 Nc2 24. Bb2 Rf7 25. Re2 Nb4 26. Bc3 Bf5 27. a3 Na6 28. Bxa5 Bh6 29. a4 Bg5 30. Ra1 h5 31. Ree1 Bd8 32. Ra3 Kh7 33. Bd2 Bh4 34. g3 Bf6 35. a5 Bg7 36. Bd3 Bh3 37. Bf1 Bf5 38. h4 Bh6 39. Bxh6 Kxh6 40. Bd3 Nc5 41. Bxf5 gxf5 42. f4 exf4 43. gxf4 Rg7+ 44. Kh2 Rg4 45. Nxc7 Rxh4+ 46. Kg3 Rg4+ 47. Kh3 Rc8 48. Nb5 Ne4 49. Rf1 Rxc4 50. a6 Rg8 51. a7 Ra8 52. Ra6 Rg8 53. Ra2 Ra8 54. Rb1 h4 55. Nxd6 Nxd6 56. Rb6 Kh5 57. Rxd6 Rc3+ 58. Kh2 Kg4 59. Rg6+ Kxf4 60. Rc6 Rd3 61. Rb6 Rxd5 62. Rb8 1-0

[Event "Calviá ol (Men)"]
[Site "Mallorca"]
[Date "2004.10.29"]
[Round "14.1"]
[White "Lautier, Joel"]
[Black "Ivanchuk, Vassily"]
[Result "1/2-1/2"]
[WhiteElo "2682"]
[BlackElo "2705"]
[PlyCount "97"]
[EventDate "2004.10.15"]
[Source "Roberto Alvarez"]
[SourceDate "2004.10.25"]

1. d4 Nf6 2. c4 g6 3. Nc3 Bg7 4. e4 d6 5. Nf3 O-O 6. Be2 e5 7. O-O Nc6 8. d5 Ne7 9. b4 Nh5 10. Re1 f5 11. Ng5 Nf6 12. Bf3 c6 13. b5 cxd5 14. cxd5 h6 15. Ne6 Bxe6 16. dxe6 fxe4 17. Nxe4 Nxe4 18. Bxe4 d5 19. Ba3 dxe4 20. Qxd8 Rfxd8 21. Bxe7 Re8 22. Bc5 Rxe6 23. Be3 a6 24. b6 Bf6 25. g3 Bg5 26. Bxg5 hxg5 27. Rxe4 Rxb6 28. Rxe5 Rb5 29. Rxb5 axb5 30. Rd1 Kg7 31. Rd7+ Kh6 32. Rxb7 Rxa2 33. Rxb5 g4 34. Kg2 Rc2 35. Rb4 Kh5 36. Rf4 Ra2 37. Rf7 Rb2 38. Rf6 Kg5 39. Rf8 Kh5 40. h4 gxh3+ 41. Kxh3 g5 42. f3 g4+ 43. fxg4+ Kg6 44. Rg8+ Kf7 45. Ra8 Kg6 46. Ra5 Rc2 47. g5 Rc4 48. Kg2 Rc3 49. Kh3 1/2-1/2

[Event "Istanbul (ol)"]
[Site "?"]
[Date "2000.??.??"]
[Round "?"]
[White "Kasimdzhanov, R."]
[Black "Ye, Jiangchuan"]
[Result "1/2-1/2"]
[WhiteElo "2690"]
[BlackElo "2670"]
[PlyCount "129"]
[EventDate "2000.??.??"]
[Source "Chess Informant"]
[SourceDate "2000.10.01"]

1. d4 Nf6 2. c4 g6 3. Nc3 Bg7 4. e4 d6 5. Nf3 O-O 6. Be2 e5 7. O-O Nc6 8. d5 Ne7 9. b4 a5 10. Ba3 b6 11. bxa5 Rxa5 12. Bb4 Ra8 13. a4 Re8 14. Re1 Bf8 15. h3 Bb7 16. Bf1 c5 17. Ba3 Bc8 18. Nb5 Bg7 19. Bb2 Rf8 20. Ra3 Ne8 21. Qa1 Bd7 22. a5 bxa5 23. Bc3 Nc8 24. Bxa5 Qe7 25. Qc1 Rb8 26. Bd2 Rb7 27. Qa1 Bxb5 28. cxb5 Nc7 29. Ra5 Qd7 30. Qa4 Nb6 31. Qa2 Rfb8 32. Rb1 Nc8 33. Qa4 Bf6 34. g4 Nb6 35. Qc2 Nc8 36. Qd3 Bd8 37. Kh2 Ne8 38. Ra2 Nc7 39. Rab2 Nb6 40. Qc2 Ra7 41. g5 Rba8 42. Be3 Ne8 43. Be2 Ra4 44. Nd2 f5 45. gxf6 Nxf6 46. Rg1 Kh8 47. Rg3 Qf7 48. Bg4 Nxg4+ 49. hxg4 Bh4 50. Rf3 Qe7 51. Kh3 Bg5 52. Qc3 Kg7 53. Rb1 Ra2 54. Rb2 R2a4 55. Rb1 Rh8 56. Kg2 Rha8 57. Rh1 Ra3 58. Nb3 h6 59. Rfh3 R3a4 60. Nd2 Ra3 61. Nb3 Ra2 62. Nc1 R2a3 63. Nb3 Ra2 64. Nc1 R2a3 65. Nb3 1/2-1/2

[Event "Groningen"]
[Site "?"]
[Date "1996.??.??"]
[Round "?"]
[White "Sokolov, I."]
[Black "Gelfand, B."]
[Result "1/2-1/2"]
[WhiteElo "2670"]
[BlackElo "2665"]
[PlyCount "87"]
[EventDate "1996.??.??"]
[Source "ChessBase"]
[SourceDate "1996.10.01"]

1. d4 Nf6 2. c4 g6 3. Nc3 Bg7 4. e4 d6 5. Nf3 O-O 6. Be2 e5 7. O-O Nc6 8. d5 Ne7 9. b4 a5 10. Ba3 axb4 11. Bxb4 Nd7 12. a4 Bh6 13. Nd2 f5 14. Nb3 b6 15. a5 Nc5 16. exf5 gxf5 17. Nb5 Ng6 18. Re1 e4 19. Bf1 Ne5 20. Nxc5 bxc5 21. Bd2 Bg7 22. Ra3 Rf7 23. Qc1 Qf8 24. Bf4 Ba6 25. Be2 Kh8 26. Qc2 Ng6 27. Bd2 Be5 28. Qc1 Re8 29. Bh5 Qe7 30. f4 exf3 31. Rxf3 Rg7 32. Bc3 Reg8 33. Bxg6 Rxg6 34. Rf2 Qg7 35. Bxe5 dxe5 36. Qb2 e4 37. Qxg7+ R8xg7 38. g3 Bc8 39. Rb1 Ra6 40. Ra1 h5 41. Rf4 Kh7 42. Kf2 Kg6 43. Ke3 Kf6 44. Rh4 1/2-1/2

[Event "Beijing"]
[Site "?"]
[Date "2000.??.??"]
[Round "?"]
[White "Xu, Jun"]
[Black "Ye, Jiangchuan"]
[Result "1/2-1/2"]
[WhiteElo "2665"]
[BlackElo "2670"]
[PlyCount "39"]
[EventDate "2000.??.??"]
[Source "Chess Informant"]
[SourceDate "2000.06.01"]

1. d4 Nf6 2. c4 g6 3. Nc3 Bg7 4. e4 d6 5. Nf3 O-O 6. Be2 e5 7. O-O Nc6 8. d5 Ne7 9. b4 a5 10. Ba3 b6 11. bxa5 Rxa5 12. Bb4 Ra8 13. a4 Re8 14. Nd2 c5 15. Ba3 Rf8 16. Nb3 Ne8 17. Bc1 f5 18. Bd2 Nf6 19. f3 Kh8 20. Ra2 1/2-1/2

[Event "FIDE GP"]
[Site "Moscow"]
[Date "2002.06.01"]
[Round "1.1"]
[White "Bacrot, Etienne"]
[Black "Kasimdzhanov, Rustam"]
[Result "0-1"]
[WhiteElo "2653"]
[BlackElo "2674"]
[PlyCount "88"]
[EventDate "2002.06.01"]
[Source "ChessBase"]
[SourceDate "2002.09.20"]

1. d4 Nf6 2. c4 g6 3. Nc3 Bg7 4. e4 d6 5. Nf3 O-O 6. Be2 e5 7. O-O Nc6 8. d5 Ne7 9. b4 Nh5 10. Re1 f5 11. Ng5 Nf6 12. Bf3 c6 13. Qb3 Kh8 14. Rd1 fxe4 15. Ncxe4 cxd5 16. cxd5 Nxe4 17. Nxe4 Nf5 18. Bb2 Nh4 19. Be2 Rf4 20. f3 Qb6+ 21. Kh1 Bf5 22. Bd3 Rf8 23. Bc1 Nxg2 24. Kxg2 Rxf3 25. Qc4 Rxd3 26. Rxd3 Rc8 27. Qxc8+ Bxc8 28. Bd2 Bf5 29. Re1 Qb5 30. Rde3 Qxd5 31. Bc3 Bh6 32. R3e2 Qd3 33. Ba1 Bxe4+ 34. Rxe4 Kg8 35. Bxe5 dxe5 36. Rxe5 Bf8 37. b5 Bd6 38. Re8+ Kf7 39. R8e4 Qxb5 40. h4 Qd5 41. R1e2 b5 42. Kf1 b4 43. R4e3 Qh1+ 44. Kf2 Bc5 0-1

[Event "Tan Chin Nam Cup 7th"]
[Site "Shanghai"]
[Date "2001.07.11"]
[Round "3"]
[White "Xu Jun"]
[Black "Ye Jiangchuan"]
[Result "1/2-1/2"]
[WhiteElo "2655"]
[BlackElo "2671"]
[PlyCount "59"]
[EventDate "2001.07.09"]
[Source "ChessBase"]
[SourceDate "2001.11.13"]

1. d4 Nf6 2. c4 g6 3. Nc3 Bg7 4. e4 d6 5. Nf3 O-O 6. Be2 e5 7. O-O Nc6 8. d5 Ne7 9. b4 Nh5 10. Re1 f5 11. Ng5 Nf6 12. Bf3 c6 13. Be3 cxd5 14. cxd5 h6 15. Ne6 Bxe6 16. dxe6 fxe4 17. Nxe4 Nxe4 18. Bxe4 d5 19. Bc2 b6 20. Qg4 e4 21. Rad1 Qc7 22. Bb3 Rf5 23. Rd2 Qc3 24. Qd1 Rd8 25. b5 Qc8 26. Bd4 Bxd4 27. Rxd4 Qc5 28. Re2 Rdf8 29. a4 Re5 30. h3 1/2-1/2

[Event "Wijk aan Zee 71/618"]
[Site "?"]
[Date "1998.??.??"]
[Round "?"]
[White "Topalov, Veselin"]
[Black "Nijboer, Friso"]
[Result "1/2-1/2"]
[WhiteElo "2740"]
[BlackElo "2580"]
[PlyCount "86"]
[EventDate "1998.??.??"]
[Source "ChessBase"]
[SourceDate "1997.10.01"]

1. d4 Nf6 2. c4 g6 3. Nc3 Bg7 4. e4 d6 5. Nf3 O-O 6. Be2 e5 7. O-O Nc6 8. d5 Ne7 9. b4 Nh5 10. Re1 Nf4 11. Bf1 a5 12. bxa5 Rxa5 13. a4 c5 14. Ra3 h6 15. Nb5 Ra6 16. Nd2 Bd7 17. g3 Nh5 18. Bb2 Be8 19. Be2 Nf6 20. f4 Nd7 21. Qa1 f5 22. Kh1 g5 23. Rf1 Bg6 24. Bd3 g4 25. exf5 Nxf5 26. Qb1 exf4 27. Bxg7 Kxg7 28. Rxf4 Ne5 29. Bxf5 Rxf5 30. Rxf5 Qd7 31. Re3 Qxf5 32. Qxf5 Bxf5 33. Nxd6 Rxd6 34. Rxe5 Kf6 35. Re8 Ra6 36. Ne4+ Bxe4+ 37. Rxe4 h5 38. h3 gxh3 39. Kh2 Rxa4 40. Kxh3 Kf5 41. Rh4 Kg5 42. Rf4 Rb4 43. Re4 Kf5 1/2-1/2

[Event "Istanbul ol (Men)"]
[Site "Istanbul"]
[Date "2000.11.04"]
[Round "7"]
[White "Topalov, Veselin"]
[Black "Sasikiran, Krishnan"]
[Result "1/2-1/2"]
[WhiteElo "2707"]
[BlackElo "2573"]
[PlyCount "188"]
[EventDate "2000.10.??"]
[Source "www.chesslib.no"]
[SourceDate "2004.05.04"]

1. d4 Nf6 2. c4 g6 3. Nc3 Bg7 4. e4 d6 5. Nf3 O-O 6. Be2 e5 7. O-O Nc6 8. d5 Ne7 9. b4 Nh5 10. Re1 Nf4 11. Bf1 a5 12. bxa5 c5 13. a4 Rxa5 14. Ra3 Ra6 15. Nb5 Bd7 16. Kh1 h6 17. Nd2 Qc8 18. g3 Nh5 19. Bb2 Nf6 20. f4 Ng4 21. Qe2 h5 22. h3 Nh6 23. fxe5 dxe5 24. Kh2 f6 25. Nb3 Nf7 26. Qf2 b6 27. a5 f5 28. axb6 Bxb5 29. cxb5 Rxb6 30. Qxc5 Qd8 31. Nd2 Nd6 32. exf5 Nexf5 33. Nf3 h4 34. gxh4 Nxh4 35. Nxe5 Rxf1 36. Rxf1 Rxb5 37. Qf2 Rxb2 38. Qxb2 Nc4 39. Nf7 Qc7+ 40. d6 Nxd6 41. Qc1 Qxc1 42. Rxc1 Nxf7 43. Rc8+ Kh7 44. Ra7 Nd6 45. Rcc7 Ndf5 46. Rxg7+ Nxg7 47. Kg3 Nhf5+ 48. Kg4 Kh6 49. h4 Nh5 50. Ra6 Ne3+ 51. Kf3 Nd5 52. Kg4 Nhf6+ 53. Kh3 Ne4 54. Kg4 Nef6+ 55. Kh3 Nh5 56. Kg4 Ne3+ 57. Kf3 Nc4 58. Kg4 Ne5+ 59. Kh3 Kg7 60. Rb6 Kf7 61. Ra6 Ng7 62. Rxg6 Kxg6 63. h5+ Kh6 64. Kg3 Nf7 65. Kf4 Ng5 66. Ke5 Nh7 67. Kf4 Ne6+ 68. Kf5 Neg5 69. Kf4 Kg7 70. Kf5 Kf7 71. h6 Ke7 72. Ke5 Nf7+ 73. Kd5 Kd7 74. Kd4 Kd6 75. Kc4 Nxh6 76. Kd4 Nf6 77. Kc4 Nf5 78. Kd3 Kd5 79. Kc3 Nh5 80. Kd3 Nf4+ 81. Kc3 Kc5 82. Kb3 Nd5 83. Kc2 Kd4 84. Kb2 Kd3 85. Kb3 Nd4+ 86. Kb2 Nb6 87. Kb1 Nc4 88. Ka2 Kc3 89. Ka1 Nd2 90. Ka2 Nb5 91. Ka1 Kc2 92. Ka2 Nb1 93. Ka1 Nd4 94. Ka2 Nb3 1/2-1/2

[Event "Batumi"]
[Site "?"]
[Date "1999.??.??"]
[Round "?"]
[White "Van Wely, L."]
[Black "Fedorov, Alex"]
[Result "1/2-1/2"]
[WhiteElo "2625"]
[BlackElo "2655"]
[PlyCount "173"]
[EventDate "1999.??.??"]
[Source "Chess Informant"]
[SourceDate "1999.10.01"]

1. d4 Nf6 2. c4 g6 3. Nc3 Bg7 4. e4 d6 5. Nf3 O-O 6. Be2 e5 7. O-O Nc6 8. d5 Ne7 9. b4 Nh5 10. g3 f5 11. Ng5 Nf6 12. f3 f4 13. Kg2 c6 14. Qb3 h6 15. Ne6 Bxe6 16. dxe6 Qc8 17. Rd1 Rd8 18. Nd5 cxd5 19. cxd5 g5 20. Bd2 Rf8 21. g4 h5 22. h3 Ng6 23. Rdc1 Qb8 24. Be1 hxg4 25. hxg4 Ne8 26. a4 Bf6 27. a5 Bd8 28. Qa4 Nf6 29. Ra3 Kg7 30. Bf2 Rh8 31. Rac3 Be7 32. Rc7 Rh6 33. Qa1 Qh8 34. Rh1 Nxg4 35. fxg4 f3+ 36. Bxf3 Nf4+ 37. Kg1 Rxh1+ 38. Bxh1 Qh3 39. Qd1 Rh8 40. Rxe7+ Kg6 41. Bf3 Qh2+ 42. Kf1 Rc8 43. Rf7 Qh3+ 44. Kg1 Rc3 45. Rxf4 gxf4 46. Bg2 Qh8 47. Be1 Rc7 48. Bf1 a6 49. b5 axb5 50. Qb1 b4 51. Qxb4 Rh7 52. Bg2 Qf8 53. Qa3 Qb8 54. Kf1 Qc7 55. Qc3 Qd8 56. Bf2 Kg5 57. Bf3 Rh3 58. Kg2 Qh8 59. Kg1 Qd8 60. Kf1 Qe8 61. Qb3 Qc8 62. Kg2 Rh8 63. Qb1 Qc7 64. Qe1 Qc2 65. e7 Kf6 66. e8=Q Rxe8 67. Qh1 Kg7 68. Qh4 Rh8 69. Qe7+ Kg8 70. Qd8+ Kg7 71. Qb6 Qc1 72. Bg1 Qd2+ 73. Qf2 Qxa5 74. Qc2 Kg6 75. Qd1 b5 76. Bf2 b4 77. g5 Qa2 78. Bg4 b3 79. Bf5+ Kg7 80. Qf1 Rh5 81. Qb5 Rh2+ 82. Kxh2 Qxf2+ 83. Kh1 Qe1+ 84. Kg2 Qd2+ 85. Kf1 Qd1+ 86. Kf2 Qd2+ 87. Kf1 1/2-1/2

[Event "XV Sigeman & Co"]
[Site "Malmo SVE"]
[Date "2007.04.24"]
[Round "7"]
[White "L'Ami, E."]
[Black "Cheparinov, I."]
[Result "1/2-1/2"]
[WhiteElo "2617"]
[BlackElo "2646"]
[PlyCount "74"]
[EventDate "2007.04.18"]
[Source "www.chesslib.no"]
[SourceDate "2004.05.04"]

1. d4 Nf6 2. c4 g6 3. Nc3 Bg7 4. e4 d6 5. Nf3 O-O 6. Be2 e5 7. O-O Nc6 8. d5 Ne7 9. b4 Nh5 10. Re1 a5 11. Ba3 f5 12. bxa5 Nf4 13. Nd2 c5 14. dxc6 Nxc6 15. Bf1 Rxa5 16. Nb5 Nd4 17. Bxd6 Rxb5 18. Bxf8 Rb2 19. Bxg7 Nh3+ 20. gxh3 Rxd2 21. Bxe5 Rxd1 22. Rexd1 Qg5+ 23. Kh1 Nf3 24. Bg3 f4 25. Bg2 fxg3 26. Bxf3 gxf2 27. Bg2 Be6 28. Rac1 Qe3 29. Rf1 Qd2 30. c5 Bxa2 31. c6 bxc6 32. Rxc6 Kg7 33. e5 Bd5 34. Rf6 Bxg2+ 35. Kxg2 Qd5+ 36. Rf3 Qxe5 37. R1xf2 Qd5 1/2-1/2

[Event "Gouda NLD-Top rap"]
[Site "Gouda"]
[Date "1997.??.??"]
[Round "?"]
[White "Van Wely, Loek"]
[Black "Nijboer, Friso"]
[Result "1-0"]
[WhiteElo "2655"]
[BlackElo "2605"]
[PlyCount "107"]
[EventDate "1997.??.??"]
[Source "www.chesslib.no"]
[SourceDate "2004.05.04"]

1. d4 Nf6 2. c4 g6 3. Nc3 Bg7 4. e4 d6 5. Nf3 O-O 6. Be2 e5 7. O-O Nc6 8. d5 Ne7 9. b4 Nh5 10. Re1 Kh8 11. a4 f5 12. Nd2 Nf4 13. Bf1 g5 14. g3 Nfg6 15. Be2 c6 16. a5 Bd7 17. c5 cxd5 18. cxd6 Nc6 19. Nxd5 Nd4 20. Bb2 Rc8 21. Bd3 Bc6 22. exf5 Nxf5 23. Bxf5 Rxf5 24. Ne4 Qg8 25. Qg4 Qxd5 26. Qxf5 Rf8 27. Qxg5 Qb3 28. Qd2 Bh6 29. Qxh6 Qxb2 30. d7 Bxd7 31. Qd2 Qxd2 32. Nxd2 Bc6 33. Ne4 Rg8 34. Kh1 Ne7 35. f3 Nf5 36. Rad1 Nd4 37. Kg2 Rf8 38. Rd3 Bb5 39. Rc3 Bc6 40. Kf2 a6 41. Nd2 Rd8 42. Rxe5 Nb5 43. Rc2 Nd4 44. Rb2 Bb5 45. Re3 Nc6 46. Nb3 Nxb4 47. Nc5 Nd5 48. Rd2 Bc6 49. Re5 Rd6 50. h4 Kg7 51. Ne4 Rd7 52. g4 Nf6 53. Rxd7+ Nxd7 54. Re7+ 1-0

[Event "CRO-chT"]
[Site "Pula"]
[Date "2000.09.13"]
[Round "3"]
[White "Stohl, Igor"]
[Black "Smirin, Ilia"]
[Result "0-1"]
[WhiteElo "2578"]
[BlackElo "2677"]
[PlyCount "60"]
[EventDate "2000.09.??"]
[Source "www.chesslib.no"]
[SourceDate "2004.05.04"]

1. d4 Nf6 2. c4 g6 3. Nc3 Bg7 4. e4 d6 5. Nf3 O-O 6. Be2 e5 7. O-O Nc6 8. d5 Ne7 9. b4 Nh5 10. Re1 f5 11. Ng5 Nf4 12. Bxf4 exf4 13. Rc1 Bh6 14. h4 Kh8 15. c5 a6 16. cxd6 cxd6 17. Bf3 Ng8 18. Ne6 Bxe6 19. dxe6 Qxh4 20. Nd5 Bg7 21. Nb6 fxe4 22. Rxe4 Rae8 23. Qxd6 g5 24. Nd5 Rd8 25. Qc5 b6 26. Nxb6 g4 27. Be2 Rf6 28. f3 g3 29. Rd1 Rh6 30. Kf1 Bd4 0-1

[Event "Nussloch"]
[Site "Nussloch"]
[Date "1996.??.??"]
[Round "10"]
[White "Sokolov, Ivan"]
[Black "Kindermann, Stefan"]
[Result "1/2-1/2"]
[WhiteElo "2665"]
[BlackElo "2575"]
[PlyCount "82"]
[EventDate "1996.05.??"]
[Source "ChessBase"]

1. d4 Nf6 2. c4 g6 3. Nc3 Bg7 4. e4 d6 5. Nf3 O-O 6. Be2 e5 7. O-O Nc6 8. d5 Ne7 9. b4 a5 10. Ba3 axb4 11. Bxb4 b6 12. a4 Ne8 13. Qb3 Rb8 14. Nb5 f5 15. a5 fxe4 16. Nd2 bxa5 17. Bxa5 Nf5 18. Nxe4 Bd7 19. Qd1 Bxb5 20. cxb5 Nd4 21. Rb1 Nf6 22. Bd3 Nxe4 23. Bxe4 Rxb5 24. Rxb5 Nxb5 25. g3 Nd4 26. h4 Qd7 27. h5 g5 28. Kg2 Qf7 29. Qg4 h6 30. Bd2 Nb3 31. Be3 Nc5 32. Bxc5 dxc5 33. f3 Rb8 34. Rd1 Rd8 35. Bf5 Kh8 36. Bg6 Qf6 37. Bd3 Bf8 38. Qe4 Qg7 39. Rb1 Bd6 40. Rb7 Rf8 41. Ra7 Qf7 1/2-1/2

[Event "Corr"]
[Site "?"]
[Date "1999.??.??"]
[Round "?"]
[White "Alvarez Roberto Gabriel"]
[Black "Berdichesky Ruben"]
[Result "1-0"]
[WhiteElo "2605"]
[BlackElo "2633"]
[PlyCount "82"]
[EventDate "1999.??.??"]
[Source "www.chesslib.no"]
[SourceDate "2004.05.04"]

1. d4 Nf6 2. c4 g6 3. Nc3 Bg7 4. e4 d6 5. Nf3 O-O 6. Be2 e5 7. O-O Nc6 8. d5 Ne7 9. b4 Nh5 10. Re1 f5 11. Ng5 Nf4 12. Bxf4 exf4 13. Rc1 Bf6 14. Ne6 Bxe6 15. dxe6 Bxc3 16. Rxc3 fxe4 17. Bf1 e3 18. fxe3 fxe3 19. Rcxe3 a5 20. b5 c6 21. c5 dxc5 22. Qd7 Rb8 23. Rb3 Kh8 24. Rd1 Qe8 25. a4 Rd8 26. Qxd8 Qxd8 27. Rxd8 Rxd8 28. bxc6 bxc6 29. Rb7 Re8 30. Ra7 Kg7 31. Rxa5 Kf6 32. Rxc5 Kxe6 33. a5 Kd6 34. Rc3 Nd5 35. Ra3 Re7 36. Kf2 Rf7+ 37. Rf3 Ra7 38. a6 Nb4 39. Kg3 Kc7 40. Rf7+ Kb6 41. Rxa7 Kxa7 1-0

[Event "Aeroflot Open"]
[Site "Moscow"]
[Date "2003.02.13"]
[Round "3"]
[White "Van Wely, Loek"]
[Black "Inarkiev, Ernesto"]
[Result "1-0"]
[WhiteElo "2668"]
[BlackElo "2566"]
[PlyCount "81"]
[EventDate "2003.02.10"]
[Source "Roberto Alvarez"]
[SourceDate "2003.02.24"]

1. d4 Nf6 2. c4 g6 3. Nc3 Bg7 4. e4 d6 5. Nf3 O-O 6. Be2 e5 7. O-O Nc6 8. d5 Ne7 9. b4 a5 10. Ba3 Nd7 11. bxa5 Rxa5 12. Bb4 Ra6 13. a4 Bh6 14. a5 f5 15. Nd2 Kh8 16. Na4 Nf6 17. c5 fxe4 18. Bxa6 Nexd5 19. Nxe4 Nxb4 20. Nxf6 Qxf6 21. Bc4 Bf5 22. cxd6 cxd6 23. Nb6 Nc2 24. Nd7 Bxd7 25. Qxc2 Bc6 26. Qb3 e4 27. Bb5 Bxb5 28. Qxb5 d5 29. Qxb7 e3 30. Qb5 exf2+ 31. Kh1 Bf4 32. Ra3 Qd6 33. Rf3 Rb8 34. Qd3 Bxh2 35. R3xf2 Be5 36. Rf7 Ra8 37. a6 Kg8 38. a7 Kh8 39. Rb7 Kg8 40. Qf3 Qe6 41. Re1 1-0

[Event "TCh-CHN Men, Suzhou, Jiangsu CHN"]
[Site "?"]
[Date "2001.??.??"]
[Round "9"]
[White "Liang Chong"]
[Black "Peng Xiaomin"]
[Result "1/2-1/2"]
[WhiteElo "2580"]
[BlackElo "2645"]
[PlyCount "39"]
[EventDate "2001.??.??"]
[Source "www.chesslib.no"]
[SourceDate "2004.05.04"]

1. d4 Nf6 2. c4 g6 3. Nc3 Bg7 4. e4 d6 5. Nf3 O-O 6. Be2 e5 7. O-O Nc6 8. d5 Ne7 9. b4 a5 10. bxa5 Rxa5 11. Nd2 c5 12. a4 Ra6 13. Ra3 Nd7 14. Nf3 Kh8 15. g3 Ng8 16. Bg5 f6 17. Bd2 Bh6 18. Nh4 Bg7 19. Nf3 Bh6 20. Nh4 1/2-1/2

[Event "Leon 83/576"]
[Site "?"]
[Date "2001.??.??"]
[Round "?"]
[White "Lautier, J."]
[Black "Spasov, V."]
[Result "1-0"]
[WhiteElo "2653"]
[BlackElo "2569"]
[PlyCount "103"]
[EventDate "2001.??.??"]
[Source "Chess Informant"]
[SourceDate "2001.10.01"]

1. d4 Nf6 2. c4 g6 3. Nc3 Bg7 4. e4 d6 5. Nf3 O-O 6. Be2 e5 7. O-O Nc6 8. d5 Ne7 9. b4 Nh5 10. Re1 a5 11. bxa5 c5 12. a4 Nf4 13. Bf1 h6 14. Nb5 g5 15. Nd2 Kh8 16. Ra3 Ng8 17. g3 Ng6 18. Be2 N6e7 19. Bg4 f5 20. exf5 Bxf5 21. Ne4 Bxe4 22. Rxe4 Nf6 23. Ree3 Nxg4 24. Qxg4 Nf5 25. Rf3 Nd4 26. Rxf8+ Qxf8 27. Bb2 Re8 28. Re3 Qf6 29. Nc3 Rf8 30. Ne4 Qf7 31. Bxd4 exd4 32. Rb3 Qe8 33. Rxb7 Qxa4 34. h4 Qxa5 35. hxg5 d3 36. Qd1 Qa6 37. Re7 Qxc4 38. gxh6 Bd4 39. Qh5 d2 40. Qg6 d1=Q+ 41. Kh2 Qh1+ 42. Kxh1 Qf1+ 43. Kh2 Rxf2+ 44. Nxf2 Qxf2+ 45. Kh3 Qf1+ 46. Kg4 Qd1+ 47. Kg5 Qc1+ 48. Kf5 Qb1+ 49. Re4 Qf1+ 50. Ke6 Qf8 51. Kd7 Be5 52. g4 1-0

[Event "6th Dubai Open"]
[Site "Dubai"]
[Date "2004.04.27"]
[Round "9"]
[White "Harikrishna, Penteala"]
[Black "Fedorov, Alexei"]
[Result "1/2-1/2"]
[WhiteElo "2599"]
[BlackElo "2616"]
[PlyCount "70"]
[EventDate "2004.04.19"]
[Source "Roberto Alvarez"]
[SourceDate "2004.05.03"]

1. d4 Nf6 2. c4 g6 3. Nc3 Bg7 4. e4 d6 5. Nf3 O-O 6. Be2 e5 7. O-O Nc6 8. d5 Ne7 9. b4 Nh5 10. Re1 a5 11. bxa5 Rxa5 12. a4 f5 13. Nd2 Nf6 14. Ba3 b6 15. exf5 gxf5 16. Bb4 Ra8 17. Nf3 Ng6 18. a5 Bh6 19. axb6 Rxa1 20. Qxa1 cxb6 21. Nb5 Ne4 22. Qa7 Nf4 23. Bf1 Nc5 24. g3 e4 25. Nfd4 Ng6 26. Nc6 Qd7 27. Qxd7 Bxd7 28. Nxd6 Rf6 29. Nb5 Bxc6 30. dxc6 Rxc6 31. Rd1 Nd3 32. Bxd3 exd3 33. Rxd3 Rxc4 34. Bc3 Bf8 35. Bd4 Rb4 1/2-1/2

[Event "EU-ch 2nd"]
[Site "Ohrid"]
[Date "2001.06.05"]
[Round "5"]
[White "Lautier, Joel"]
[Black "Socko, Bartosz"]
[Result "1/2-1/2"]
[WhiteElo "2658"]
[BlackElo "2554"]
[PlyCount "39"]
[EventDate "2001.06.01"]
[Source "ChessBase"]
[SourceDate "2001.09.13"]

1. d4 Nf6 2. c4 g6 3. Nc3 Bg7 4. e4 d6 5. Nf3 O-O 6. Be2 e5 7. O-O Nc6 8. d5 Ne7 9. b4 a5 10. Ba3 b6 11. bxa5 Nh5 12. Re1 f5 13. Nd2 Nf6 14. Nb5 Bd7 15. Bb2 Rxa5 16. a4 fxe4 17. Bf1 Bxb5 18. axb5 Rxa1 19. Bxa1 Qa8 20. Bb2 1/2-1/2

[Event "FRA-chT1"]
[Site "Drancy"]
[Date "2002.02.01"]
[Round "1.3"]
[White "Bacrot, Etienne"]
[Black "Hebden, Mark"]
[Result "1/2-1/2"]
[WhiteElo "2649"]
[BlackElo "2558"]
[PlyCount "193"]
[EventDate "2002.02.??"]
[Source "ChessBase"]
[SourceDate "2002.03.14"]

1. d4 Nf6 2. c4 g6 3. Nc3 Bg7 4. e4 d6 5. Nf3 O-O 6. Be2 e5 7. O-O Nc6 8. d5 Ne7 9. b4 Nh5 10. Re1 f5 11. Ng5 Nf6 12. Bf3 c6 13. Qb3 Kh8 14. b5 h6 15. Ne6 Bxe6 16. dxe6 fxe4 17. Nxe4 Nf5 18. Bb2 Qe8 19. Nxf6 Rxf6 20. bxc6 bxc6 21. Qa4 Rc8 22. c5 Rxe6 23. cxd6 Rxd6 24. Qxa7 c5 25. Be4 c4 26. Rac1 Qe6 27. Bc3 Nd4 28. Rb1 Ra6 29. Qb7 Rd8 30. Qc7 Rc8 31. Qb7 Rd8 32. h4 h5 33. Qc7 Rc8 34. Qb7 Rd8 35. Rb2 Rad6 36. Qc7 R6d7 37. Qc5 Qg4 38. a4 Nf5 39. Bxe5 Rd1 40. Bxg7+ Kxg7 41. Qe5+ Kh6 42. Bxf5 Qxf5 43. Qe3+ Kh7 44. Qe7+ Kh6 45. Rb7 R8d7 46. Qe3+ Kh7 47. Rxd1 Rxb7 48. Rd4 Qf7 49. Qc3 Rb1+ 50. Kh2 Qc7+ 51. f4 Qe7 52. Qg3 Rb3 53. Qf2 Rb2 54. Qg3 Rb3 55. Qg5 Qxg5 56. hxg5 Rb7 57. a5 Ra7 58. a6 Rxa6 59. Rxc4 Ra7 60. Kg3 Rb7 61. Kh4 Rb1 62. Rc7+ Kg8 63. Kg3 Rf1 64. Rc2 Kf7 65. Rf2 Ra1 66. Rf3 Rb1 67. Rc3 Rf1 68. Rc7+ Kg8 69. Rc6 Kf7 70. Rc2 Kg7 71. Rf2 Ra1 72. Kh2 Kf7 73. Rc2 Rf1 74. g3 Ra1 75. Kg2 Ra3 76. Re2 Rb3 77. Kf2 Ra3 78. Re3 Ra6 79. Kf3 Ra7 80. Rc3 Re7 81. Rc5 Kg7 82. Re5 Ra7 83. Ke4 Kf7 84. Rc5 Re7+ 85. Kd4 Ra7 86. Rc3 Rd7+ 87. Ke5 Re7+ 88. Kd6 Re6+ 89. Kd5 Re7 90. Rb3 Rd7+ 91. Ke5 Re7+ 92. Kd6 Re6+ 93. Kd5 Re7 94. Rb6 Re3 95. Rb7+ Kf8 96. Kd4 Rxg3 97. Ke5 1/2-1/2